Fundamentals of enzymology (Record no. 37148)

MARC details
000 -LEADER
fixed length control field 00409nam a2200169Ia 4500
082 ## - DEWEY DECIMAL CLASSIFICATION NUMBER
Classification number 577.15
Item number ROY
100 ## - MAIN ENTRY--AUTHOR NAME
Personal name ROYER, G P
245 #0 - TITLE STATEMENT
Title Fundamentals of enzymology
260 ## - PUBLICATION, DISTRIBUTION, ETC. (IMPRINT)
Place of publication New York
Name of publisher John Wiley
Year of publication 1982
650 ## - SUBJECT ADDED ENTRY--TOPICAL TERM
Topical Term Enzyme
650 ## - SUBJECT ADDED ENTRY--TOPICAL TERM
Topical Term Enzyme kinetics
650 ## - SUBJECT ADDED ENTRY--TOPICAL TERM
Topical Term Enzymology
650 ## - SUBJECT ADDED ENTRY--TOPICAL TERM
Topical Term Immobilized enzyme
650 ## - SUBJECT ADDED ENTRY--TOPICAL TERM
Topical Term Synzyme
942 ## - ADDED ENTRY ELEMENTS (KOHA)
Koha item type Books
Holdings
Withdrawn status Lost status Damaged status Not for loan Home library Current library Date acquired Full call number Accession Number Koha item type
        RRII Library RRII Library 16/12/2021 577.15 ROY 17535 Books